Study on adjudication process in systematic land registration in baphnom district, prey veng province; សិក្សាពីដំណើរការនៃការវិនិច្ឆ័យក្នុងការចុះបញ្ញីដីធ្លី មានលក្ខណៈជាប្រព័ន្ធ ស្រុកបាភ្នំ ខេត្តព្រៃវែង (Record no. 10926)

000 -LEADER
fixed length control field 00777nam a22001577a 4500
003 - CONTROL NUMBER IDENTIFIER
control field OSt
005 - DATE AND TIME OF LATEST TRANSACTION
control field 20161125141818.0
008 - FIXED-LENGTH DATA ELEMENTS--GENERAL INFORMATION
fixed length control field 161125b xxu||||| |||| 00| 0 eng d
040 ## - CATALOGING SOURCE
Transcribing agency RUA
082 ## - DEWEY DECIMAL CLASSIFICATION NUMBER
Classification number LMA KHE 2015 B540 Or.1
100 ## - MAIN ENTRY--PERSONAL NAME
9 (RLIN) 11364
Personal name KHEAV ODAM; ខៀវ ឧត្តម
245 ## - TITLE STATEMENT
Title Study on adjudication process in systematic land registration in baphnom district, prey veng province; សិក្សាពីដំណើរការនៃការវិនិច្ឆ័យក្នុងការចុះបញ្ញីដីធ្លី មានលក្ខណៈជាប្រព័ន្ធ ស្រុកបាភ្នំ ខេត្តព្រៃវែង
260 ## - PUBLICATION, DISTRIBUTION, ETC. (IMPRINT)
Place of publication, distribution, etc. PHNOM PENH
Name of publisher, distributor, etc. KHE
Date of publication, distribution, etc. 2015
300 ## - PHYSICAL DESCRIPTION
Extent x;48p.
Other physical details ill.
Dimensions 29cm.
942 ## - ADDED ENTRY ELEMENTS (KOHA)
Source of classification or shelving scheme
Koha item type LMA
Holdings
Price effective from Date last seen Permanent Location Not for loan Date acquired Source of classification or shelving scheme Koha item type Lost status Withdrawn status Date last checked out Total Checkouts Shelving location Damaged status Barcode Current Location Full call number
2016-11-252024-09-25Library Block B 2016-11-25 LMA  2024-08-315B540 A05940Library Block BLMA KHE 2015 B540 Or.1
2016-11-252016-11-25Library Block B 2016-11-25 LMA    B540 A05339Library Block BLMA KHE 2015 B540 Or.2
2016-11-252016-11-25Library Block B 2016-11-25 LMA    B540 A05338Library Block BLMA KHE 2015 B540 Or.3
2016-11-252016-11-25Library Block B 2016-11-25 LMA    B540 A05624Library Block BLMA KHE 2015 B540 Or.4
2016-11-252016-11-25Library Block B 2016-11-25 LMA    B540 A05548Library Block BLMA KHE 2015 B540 Or.5
2016-11-252016-11-25Library Block B 2016-11-25 LMA    B540 A05049Library Block BLMA KHE 2015 B540 Or.6
2016-11-252016-11-25Library Block B 2016-11-25 LMA    B540 A05044Library Block BLMA KHE 2015 B540 Or.7
2016-11-252016-11-25Library Block B 2016-11-25 LMA    B540 A05632Library Block BLMA KHE 2015 B540 Or.8
មជ្ឈមណ្ឌលឯការនៃសាកលវិទ្យាល័យភូមិន្ទកសិកម្មចំការដូង

Powered by Koha